Statistics for Lowest Countries Quiz

Click here to take the quiz!

General Stats

  • This quiz has been taken 530 times
    (496 since last reset)
  • The average score is 20 of 39

Answer Stats

Height m / ftCountry% Correct
-86 / -281United States
91%
-28 / -92Russia
84%
-154 / -505China
80%
−7 / −23Netherlands
76%
−4 / −13United Kingdom
74%
-418 / -1,371Israel
73%
−15 / −49Australia
72%
−2.2 / −7.2India
71%
−10 / −33Mexico
70%
-133 / -436Egypt
67%
-418 / -1,371Jordan
65%
−3.5 / −11.5Germany
62%
−2 / −6.6France
61%
-28 / -92Iran
57%
-105 / -344Argentina
57%
−4 / −13Japan
55%
-40 / -131Algeria
53%
−7 / −23Denmark
52%
−3.2 / −10.5Italy
51%
-47 / -154Libya
51%
-214 / -703Syria
51%
-55 / -180Morocco
51%
−2.4 / −7.9Sweden
50%
−2 / −6.6New Zealand
49%
-17 / -56Tunisia
46%
-132 / -433Kazakhstan
45%
−1.8 / −5.9Poland
44%
−5 / −16Ukraine
40%
−12 / −39Uzbekistan
38%
-125 / -410Ethiopia
38%
-81 / -266Turkmenistan
36%
−5 / −16Mauritania
31%
−0.2 / −0.7Nigeria
30%
-28 / -92Azerbaijan
27%
-75 / -246Eritrea
25%
-155 / -509Djibouti
24%
−1.3 / −4.3Lithuania
24%
−0.5 / −1.6Philippines
19%
-46 / -151Dominican Republic
4%

Score Distribution

Percentile by Number Answered

Percent of People with Each Score

Your Score History

You have not taken this quiz since the last reset